000 00608nam a22002177a 4500
003 UA-OsUOA
001 96442
007 ta
008 20130319b un ||||| |||| 00| 0 ukr d
100 _aАпокин А.
090 _a330
_bА76
942 _cSA
040 _aUA-OsUOA
_brus
_cUA-OsUOA
_dUA-OsUOA
245 _aРоль технологического фактора в долгосрочных прогнозах мировой экономики
300 _aС.97-117
955 _a0
041 _arus
080 _a330
773 0 _w96440
650 7 _a330 Економіка взагалі
_2UDC
999 _c382697
_d382697